| 000 | 01290cad a22002655a 4500 | ||
|---|---|---|---|
| 001 | E146944 | ||
| 008 | 090316s2009 xxk f 000 0 eng d | ||
| 020 | _a9780755974498 | ||
| 035 | _a(Sirsi) u146944 | ||
| 041 | 0 | _aeng | |
| 050 | 0 | 4 | _a711.1 $2 18 |
| 110 | 2 |
_aCore Solutions Group _95713 |
|
| 245 | 0 | 2 |
_aA guide to the use of mediation in the planning system in Scotland _h[electronic resource] |
| 260 |
_aEdinburgh _bScottish Government _c2009 |
||
| 505 | 2 | _aIntroduction -- About mediation -- Particular opportunities for the use of mediation in planning -- Examples of mediation in planning -- Frequently asked questions -- Appendix: A resources; B selected reading | |
| 520 | _aOffers guidance to stakeholders on ways in which the use of mediation can be of benefit in the planning system. | ||
| 521 | _aAdvanced | ||
| 590 | _aKA | ||
| 651 | 4 |
_aScotland _y1999- |
|
| 690 | _aMANAGEMENT-DISPUTE AVOIDANCE, MANAGEMENT AND RESOLUTION-DISPUTE MANAGEMENT AND RESOLUTION-ALTERNATIVE DISPUTE RESOLUTION-ASSISTED NEGOTIATION-MEDIATION | ||
| 690 |
_aPlanning and development _96259 |
||
| 710 | 1 |
_aScotland _bScottish Government _95344 |
|
| 856 | 4 | 0 |
_uhttps://www.scotland.gov.uk/Publications/2009/03/10154116/0 _zView the report free of charge at www.scotland.gov.uk... |
| 942 | _n0 | ||
| 999 |
_c109367 _d109367 |
||